000 00687nam a2200229 4500
001 32539
003 AR-RoBPED
005 20260410100508.0
008 260409s1971 es ||||er|||| 001 0 spa d
040 _aAR-RoBPED
041 _aspa
100 1 _aWoolf, Virginia
_d1882-1941
_9493
245 1 _aFlush /
_cVirginia Woolf ; prólogo de Sergio Pitol.
260 _aEspaña:
_bSalvat,
_c1971.
300 _a150 p.
490 0 _a(Biblioteca Básica Salvat ;
_vN° 83)
650 4 _aLITERATURA INGLESA
_9444
650 4 _aENSAYOS
_9285
700 _aPitol, Sergio
_930699
_eprolog.
942 _2udc
_ak. 32539
_cBK
_h820-4
_mW 86 f
_ninv. 42381
945 _amm 09/04/2026 - cd 10/04/2026
999 _c32539
_d32539